Normal view
MARC view
Entry Topical Term
001 - CONTROL NUMBER
- control field: 256941
003 - CONTROL NUMBER IDENTIFIER
- control field: OSt
005 - DATE AND TIME OF LATEST TRANSACTION
- control field: 20260226164137.0
008 - FIXED-LENGTH DATA ELEMENTS
- fixed length control field: 260226|| aca||aabn | a|a d
040 ## - CATALOGING SOURCE
- Original cataloging agency: OSt
- Transcribing agency: OSt
150 ## - HEADING--TOPICAL TERM
- Topical term or geographic name entry element: Hindi Poetry
670 ## - SOURCE DATA FOUND
- Source citation: Work cat.: (OSt)147983: GUPTA (Maithilisharan) मैथिलीशरण गुप्त 256939, Thripathaga, 1963